Návrh a implementácia virtuálnej učebnej pomôcky pre potreby predmetu programovateľné logické automaty (PLA)

Guardado en:
Detalles Bibliográficos
Autor principal: Ivánek, Marek (Autor)
Otros Autores: Fačková, Miroslava (Orientador)
Formato: Manuscrito Libro
Lenguaje:eslovaco
Publicado: 2020
Materias:
Acceso en línea:http://is.stuba.sk/zp/portal_zp.pl?podrobnosti=141651
Etiquetas: Agregar Etiqueta
Sin Etiquetas, Sea el primero en etiquetar este registro!

MARC

LEADER 00000ntm a22000003a 4500
001 stuzp79354
003 SK-STU
005 20200718211422.0
007 ta
008 150427s2015----xo-----f-mn---000-0-slo-d
040 |a STU  |b slo 
041 0 |a slo 
100 1 |a Ivánek, Marek  |u 066000  |4 aut  |U MTF Materiálovotechnologická fakulta  |T MTF Ústav aplikovanej informatiky, automatizácie a mechatroniky  |X 80216  |U M6000  |Y 86  |7 80216 
242 0 1 |a Design and implementation of teaching equipment used for the needs of the programmable logic automata (PLA) subject  |y eng 
245 1 0 |a Návrh a implementácia virtuálnej učebnej pomôcky pre potreby predmetu programovateľné logické automaty (PLA) 
260 |c 2020 
650 4 |a C#  |2 slo 
650 4 |a softvér  |2 slo 
650 4 |a snímače  |2 slo 
650 4 |a PLA  |2 slo 
650 4 |a implementácia  |2 slo 
650 4 |a testovanie  |2 slo 
650 4 |a plošiny  |2 slo 
650 4 |a PLC  |2 eng 
650 4 |a C#  |2 eng 
650 4 |a software  |2 eng 
650 4 |a implementation  |2 eng 
650 4 |a testing  |2 eng 
650 4 |a sensors  |2 eng 
650 4 |a platforms  |2 eng 
700 1 |a Fačková, Miroslava  |u 066000  |k Z3  |4 ths  |U MTF Materiálovotechnologická fakulta  |T MTF Ústav aplikovanej informatiky, automatizácie a mechatroniky  |X 73437  |U M6000  |Y 86  |7 73437 
856 4 |u http://is.stuba.sk/zp/portal_zp.pl?podrobnosti=141651 
996 |c M* BP-8853  |l MMSKP  |s P  |a 0  |w stuzp79354_0001